000 00374 a2200157 4500
001 46552
020 _a
040 _cAnchieta - Aquarius
100 _aGouveia, Luis Augusto
240 1 0 _aO drama do monstro do dever de casa
_lpor
245 1 0 _aO drama do monstro do dever de casa
300 _a111
362 0 _a0
650 4 _aLiteratura infanto-juvenil
942 _cBK
999 _c46552
_d46552